[Event "9th Sunway Sitges 2022"]
[Site "Sitges ESP"]
[Date "2022.12.15"]
[Round "4.55"]
[White "Bach, Matthias"]
[Black "Jubin, Jimmy"]
[Result "0-1"]
[WhiteTitle "FM"]
[BlackTitle "FM"]
[WhiteElo "2208"]
[BlackElo "2376"]
[WhiteFideId "4603168"]
[BlackFideId "46686614"]
[EventDate "2022.12.12"]

1. d4 Nf6 2. c4 e6 3. Nc3 d5 4. Nf3 Bb4 5. e3 O-O 6. a3 Bxc3+ 7. bxc3 dxc4 8.
Bxc4 b6 9. O-O Bb7 10. Rb1 c5 11. a4 Qc7 12. Bd3 Nbd7 13. Qe2 Be4 14. Nd2 Bxd3
15. Qxd3 Rfd8 16. Qe2 e5 17. Bb2 Rac8 18. Rfc1 Qc6 19. a5 bxa5 20. e4 c4 21. d5
Qc5 22. Ra1 Nb6 23. Ba3 Qc7 24. Nf1 Qd7 25. Ng3 g6 26. Qf3 Ne8 27. Qe3 f6 28. f4
exf4 29. Qxf4 Qf7 30. Rab1 Qc7 31. Qg4 Qd7 32. Qf3 Rb8 33. Rf1 Qc7 34. Ne2 Nd7
35. Qh3 Ng7 36. Nd4 Rxb1 37. Rxb1 Re8 38. Ne6 Nxe6 39. dxe6 Nc5 40. Rf1 Nxe4 41.
Kh1 Qb6 0-1

[Event "9th Sunway Sitges 2022"]
[Site "Sitges ESP"]
[Date "2022.12.15"]
[Round "4.56"]
[White "Song, Julien"]
[Black "Harshad, S"]
[Result "1/2-1/2"]
[WhiteTitle "IM"]
[BlackTitle "FM"]
[WhiteElo "2369"]
[BlackElo "2202"]
[WhiteFideId "659487"]
[BlackFideId "46616551"]
[EventDate "2022.12.12"]

1. d4 Nf6 2. c4 e6 3. Nc3 Bb4 4. Qc2 O-O 5. e4 d5 6. e5 Ne4 7. Bd3 c5 8. Nf3
cxd4 9. Nxd4 Nd7 10. Bf4 Qh4 11. g3 Qh5 12. O-O g5 13. cxd5 Bxc3 14. bxc3 exd5
15. Be3 Nxe5 16. f3 Nc5 17. Bf5 Ne6 18. g4 Qh6 19. Rae1 Ng6 20. Bxg6 Qxg6 21.
Nf5 Qf6 22. Qd2 Rd8 23. f4 gxf4 24. Bf2 d4 25. Bh4 Ng5 26. Qxf4 Nh3+ 27. Kh1
Qc6+ 28. Qf3 Bxf5 29. Qxc6 bxc6 30. Rxf5 Rd5 31. Rxd5 cxd5 32. cxd4 Nf4 33. Bf6
Ne6 34. Re5 Rb8 35. h3 Rb1+ 36. Kh2 Rb2+ 37. Kg3 Rxa2 38. Rxd5 Ra3+ 39. Kf2 Rxh3
40. Rb5 h6 41. d5 Nf4 42. d6 Rd3 43. Be5 Ng6 44. Rb8+ Kh7 45. Bg3 Kg7 46. Ra8
Kf6 47. Rxa7 Ne5 48. Bxe5+ Kxe5 49. Rxf7 Kxd6 50. Rf6+ Ke5 51. Rxh6 Kf4 52. Rg6
Rd2+ 53. Ke1 Rg2 54. Rf6+ Kg5 55. Rf8 Rxg4 56. Rg8+ Kh4 57. Rxg4+ Kxg4 1/2-1/2

[Event "9th Sunway Sitges 2022"]
[Site "Sitges ESP"]
[Date "2022.12.15"]
[Round "4.57"]
[White "Mathieu, Phileas"]
[Black "Webb, Laurence E"]
[Result "1-0"]
[WhiteTitle "FM"]
[BlackTitle "FM"]
[WhiteElo "2367"]
[BlackElo "2201"]
[WhiteFideId "36048410"]
[BlackFideId "402389"]
[EventDate "2022.12.12"]

1. d4 Nf6 2. c4 c5 3. d5 b5 4. cxb5 a6 5. bxa6 g6 6. Nc3 Bg7 7. e4 O-O 8. e5 Ne8
9. h4 d6 10. h5 dxe5 11. hxg6 hxg6 12. Bh6 Bxh6 13. Rxh6 Kg7 14. Qd2 Nf6 15. Nf3
Nbd7 16. Qg5 Bxa6 17. Bxa6 Rxa6 18. O-O-O Rg8 19. Rdh1 e6 20. R6h4 Kf8 21. Rh8
e4 22. Rxg8+ Kxg8 23. Qh6 Nh5 24. g4 exf3 25. gxh5 Ne5 26. Qe3 Nc4 27. Qxc5 exd5
28. hxg6 Qg5+ 29. Kb1 Qxg6+ 30. Ka1 Rc6 31. Qxd5 Rc8 32. Qd1 Qb6 33. Qc2 Qg6 34.
Qd1 Qb6 35. Qg1+ Qg6 36. Qh2 Kf8 37. Qh8+ Qg8 38. Qf6 Re8 39. Rh8 Re1+ 40. Nb1
Qxh8 41. Qxh8+ Ke7 42. Qh4+ 1-0

[Event "9th Sunway Sitges 2022"]
[Site "Sitges ESP"]
[Date "2022.12.15"]
[Round "4.58"]
[White "Injac, Teodora"]
[Black "Nurgaliyev, Sauat"]
[Result "0-1"]
[WhiteTitle "WGM"]
[BlackTitle "CM"]
[WhiteElo "2365"]
[BlackElo "2150"]
[WhiteFideId "932400"]
[BlackFideId "13726285"]
[EventDate "2022.12.12"]

1. d4 Nf6 2. c4 g6 3. Nf3 Bg7 4. g3 c6 5. Bg2 d5 6. O-O O-O 7. a4 dxc4 8. Na3
Be6 9. Ng5 Bd7 10. Nxc4 h6 11. Nf3 Be6 12. Qc2 Na6 13. b3 Nb4 14. Qd2 a5 15. Bb2
Ne4 16. Qd1 b5 17. Nce5 Bd5 18. Bh3 e6 19. Nd3 Nxd3 20. Qxd3 Rb8 21. Ba3 b4 22.
Bc1 c5 23. Bb2 Qe7 24. Rac1 Rfd8 25. Qe3 Nc3 26. Bxc3 bxc3 27. dxc5 Rxb3 28. Ne5
Qc7 29. Nd3 Rdb8 30. Nf4 Bc4 31. Bg2 Qe5 32. Be4 g5 33. Nd3 Qd4 34. Qf3 Bd5 35.
Bxd5 Qxd5 36. Qg4 Qd4 37. Qxd4 Bxd4 38. Ra1 c2 39. Ra2 Rxd3 40. exd3 Bb2 0-1

[Event "9th Sunway Sitges 2022"]
[Site "Sitges ESP"]
[Date "2022.12.15"]
[Round "4.59"]
[White "Hryzlova, Sofiia"]
[Black "Valenzuela Gomez, Fernando"]
[Result "1/2-1/2"]
[WhiteTitle "WIM"]
[BlackTitle "IM"]
[WhiteElo "2157"]
[BlackElo "2361"]
[WhiteFideId "14174669"]
[BlackFideId "3409392"]
[EventDate "2022.12.12"]

1. d4 Nf6 2. Nf3 d5 3. c4 e6 4. e3 Be7 5. b3 O-O 6. Bd3 c5 7. O-O Nc6 8. Bb2
cxd4 9. exd4 b6 10. Nbd2 Bb7 11. Rc1 Rc8 12. Qe2 Re8 13. Rfd1 Bf8 14. Nf1 g6 15.
Ne3 Bg7 16. Ne5 dxc4 17. Bxc4 Nb4 18. Ba3 a5 19. Bb5 Rxc1 20. Rxc1 Rf8 21. Qc4
Nfd5 22. Nc6 Qg5 23. Bxb4 Nxe3 24. fxe3 Qxe3+ 25. Kh1 axb4 26. Rd1 Qf2 27. Qxb4
Qxa2 28. Qc4 Kh8 29. d5 exd5 30. Qxd5 Qa8 31. h3 Rc8 32. Rc1 Qa3 33. Rd1 Qf8 34.
Qd7 Ba8 35. Re1 Bf6 36. Rf1 Bxc6 37. Bxc6 Rd8 38. Qc7 Kg7 39. Qxb6 Qd6 40. b4
Qg3 41. Qf2 Qc3 42. b5 Rd3 43. Qf4 Rd8 1/2-1/2

[Event "9th Sunway Sitges 2022"]
[Site "Sitges ESP"]
[Date "2022.12.15"]
[Round "4.60"]
[White "Divya, Deshmukh"]
[Black "Wecker, Martin"]
[Result "1-0"]
[WhiteTitle "WGM"]
[WhiteElo "2347"]
[BlackElo "2150"]
[WhiteFideId "35006916"]
[BlackFideId "12931462"]
[EventDate "2022.12.12"]

1. e4 c5 2. Nf3 e6 3. d4 cxd4 4. Nxd4 Nc6 5. Nc3 Qc7 6. Be3 a6 7. Qf3 d6 8. Nxc6
Qxc6 9. a4 b6 10. Bd3 Nf6 11. Qe2 Be7 12. a5 bxa5 13. Rxa5 O-O 14. O-O Bb7 15.
Rfa1 Bd8 16. R5a4 a5 17. f3 Qc8 18. Nb5 Qb8 19. R4a3 Nd7 20. Rb3 Nc5 21. Bxc5
dxc5 22. e5 Bd5 23. c4 Bc6 24. Nd4 Bb7 25. Nb5 Bc6 26. Be4 Bxe4 27. Qxe4 Ra6 28.
f4 Bc7 29. Rd1 f6 30. Rd7 Rb6 31. Rg3 Rf7 32. Rxf7 Kxf7 33. Qxh7 Qe8 34. Qxg7# 1-0

[Event "9th Sunway Sitges 2022"]
[Site "Sitges ESP"]
[Date "2022.12.15"]
[Round "4.61"]
[White "Sarkar, Justin"]
[Black "Kholopov, Alexander A."]
[Result "1-0"]
[WhiteTitle "IM"]
[BlackTitle "FM"]
[WhiteElo "2343"]
[BlackElo "2146"]
[WhiteFideId "2010011"]
[BlackFideId "4148100"]
[EventDate "2022.12.12"]

1. e4 d6 2. d4 Nf6 3. Nc3 e5 4. Nf3 Nbd7 5. a4 Be7 6. Bc4 O-O 7. O-O c6 8. h3 b6
9. Qe2 a6 10. Rd1 Qc7 11. Nh4 exd4 12. Nf5 Ne5 13. Nxe7+ Qxe7 14. Rxd4 h6 15.
Ba2 Bb7 16. Bf4 Rfd8 17. Rad1 Rd7 18. Bg3 Rad8 19. f4 Ng6 20. R4d3 b5 21. e5
dxe5 22. f5 Rxd3 23. Rxd3 Rxd3 24. cxd3 Nf8 25. Qxe5 Qd7 26. Ne4 Nxe4 27. dxe4
c5 28. axb5 axb5 29. Bd5 Bxd5 30. exd5 f6 31. Qe4 Kf7 32. d6 c4 33. Qd5+ Ke8 34.
Bf2 g6 35. g4 h5 36. fxg6 Nxg6 37. Qxh5 1-0

[Event "9th Sunway Sitges 2022"]
[Site "Sitges ESP"]
[Date "2022.12.15"]
[Round "4.62"]
[White "Salinas Tomas, Daniel"]
[Black "Alexiadis, Hristos"]
[Result "0-1"]
[BlackTitle "FM"]
[WhiteElo "2089"]
[BlackElo "2342"]
[WhiteFideId "24597716"]
[BlackFideId "4249623"]
[EventDate "2022.12.12"]

1. Nf3 d5 2. g3 Nf6 3. Bg2 c6 4. O-O Bg4 5. h3 Bh5 6. d4 e6 7. c4 Be7 8. Qb3 Qb6
9. c5 Qa6 10. Qd1 b6 11. b4 Qb7 12. Qb3 Nbd7 13. Bf4 O-O 14. Nbd2 a5 15. a3 Qa6
16. Rfc1 axb4 17. axb4 Qxa1 18. Rxa1 Rxa1+ 19. Kh2 b5 20. Bc7 Ra7 21. Ba5 Bd8
22. g4 Bxa5 23. bxa5 Bg6 24. Qc3 Rb8 25. Qb4 Rba8 26. Nb3 Bc2 27. Nfd2 Bxb3 28.
Nxb3 h6 29. Qc3 Nf8 30. Qg3 Ng6 31. h4 Ne7 32. Bf3 Ne8 33. g5 Nf5 34. Qf4 hxg5
35. hxg5 g6 36. e3 Nc7 37. Bg4 Na6 38. f3 Rd7 39. Qe5 Nb4 40. e4 Nd3 41. Qf6 Ng7
42. exd5 Ne8 43. Qxg6+ fxg6 44. Bxe6+ Rf7 45. d6 Nf4 0-1

[Event "9th Sunway Sitges 2022"]
[Site "Sitges ESP"]
[Date "2022.12.15"]
[Round "4.63"]
[White "Karadzhov, Ivan"]
[Black "Pablo Mari, Alejandro"]
[Result "0-1"]
[BlackTitle "FM"]
[WhiteElo "2024"]
[BlackElo "2338"]
[WhiteFideId "2922568"]
[BlackFideId "2200287"]
[EventDate "2022.12.12"]

1. d4 Nf6 2. c4 g6 3. Nc3 Bg7 4. Nf3 O-O 5. g3 c6 6. Bg2 d5 7. b3 dxc4 8. bxc4
c5 9. O-O Nc6 10. e3 Bg4 11. Rb1 Rb8 12. h3 Bf5 13. Rb5 b6 14. Ne5 Nxe5 15. dxe5
Ne8 16. Qxd8 Rxd8 17. Nd5 Rd7 18. e4 Be6 19. f4 f6 20. Bb2 fxe5 21. fxe5 Rxf1+
22. Kxf1 g5 23. Rb3 g4 24. h4 Nc7 25. Ke1 Na6 26. a3 Nb8 27. Nxb6 Rb7 28. Rd3
Rxb6 29. Rd2 Nc6 30. Bf1 Nxe5 0-1

[Event "9th Sunway Sitges 2022"]
[Site "Sitges ESP"]
[Date "2022.12.15"]
[Round "4.64"]
[White "Sidhant, Mohapatra"]
[Black "Ezquerro Luque, Albert"]
[Result "1-0"]
[WhiteTitle "IM"]
[WhiteElo "2337"]
[BlackElo "2134"]
[WhiteFideId "5028698"]
[BlackFideId "2276682"]
[EventDate "2022.12.12"]

1. e4 e5 2. Nf3 Nc6 3. Bb5 a6 4. Ba4 d6 5. O-O Bd7 6. c4 Nf6 7. Nc3 Nd4 8. Bxd7+
Qxd7 9. Nxd4 exd4 10. Ne2 c5 11. d3 h5 12. b4 h4 13. h3 Nh5 14. Rb1 Be7 15. Qb3
O-O-O 16. Qa3 cxb4 17. Qa5 g5 18. Nxd4 g4 19. hxg4 Qxg4 20. Qf5+ Qxf5 21. Nxf5
Bf6 22. Rxb4 Ng7 23. Bg5 Bc3 24. Rb3 Nxf5 25. Bxd8 Ng3 26. Rxc3 Ne2+ 27. Kh2
Rxd8 28. Rc2 Nd4 29. Rb2 1-0

[Event "9th Sunway Sitges 2022"]
[Site "Sitges ESP"]
[Date "2022.12.15"]
[Round "4.65"]
[White "Moksh, Amit Doshi"]
[Black "Pipiras, Filipa Fortuna"]
[Result "1-0"]
[WhiteTitle "IM"]
[BlackTitle "WFM"]
[WhiteElo "2414"]
[BlackElo "2065"]
[WhiteFideId "25064967"]
[BlackFideId "1944894"]
[EventDate "2022.12.12"]

1. e4 c5 2. Nf3 e6 3. d4 cxd4 4. Nxd4 Nf6 5. Nc3 Nc6 6. Nxc6 bxc6 7. e5 Nd5 8.
Ne4 Qc7 9. f4 Qb6 10. c4 Bb4+ 11. Ke2 f5 12. Nf2 Ba6 13. Kf3 Ne7 14. Be3 Bc5 15.
Bxc5 Qxc5 16. Qd6 Qb6 17. Be2 c5 18. Rhd1 Bb7+ 19. Ke3 Rd8 20. Nd3 Rc8 21. Ne1
Rd8 22. Kf2 Nc8 23. Qd2 O-O 24. Qe3 Rfe8 25. Rd2 d5 26. cxd5 exd5 27. Qb3 Ne7
28. Bf3 Bc8 29. Rc1 Be6 30. Qxb6 axb6 31. b4 Rc8 32. Rdc2 d4 33. bxc5 bxc5 34.
Rxc5 Rxc5 35. Rxc5 Bxa2 36. Rc7 Be6 37. Nc2 Ng6 38. g3 Rd8 39. Nb4 Rb8 40. Bb7
d3 41. Nxd3 Nf8 42. Nc5 Rd8 43. Ke3 Rd1 44. Ba6 Bd5 45. Bd3 g6 46. Nd7 Nxd7 47.
Rxd7 Bf7 48. Kd4 Rd2 49. Kc5 Kf8 50. Bxf5 Rxh2 51. Be4 Rh3 52. Rd3 h5 53. Kd6 h4
54. g4 Rxd3+ 55. Bxd3 h3 56. Bf1 h2 57. Bg2 Bc4 58. e6 Bb5 59. f5 gxf5 60. gxf5
Ba4 61. f6 Ke8 62. Bd5 Bb3 63. Bc6+ Kf8 64. e7+ Kf7 65. e8=Q+ Kxf6 66. Qh8+ 1-0

[Event "9th Sunway Sitges 2022"]
[Site "Sitges ESP"]
[Date "2022.12.15"]
[Round "4.66"]
[White "Gulatz, Maurice"]
[Black "Leisch, Lukas"]
[Result "1/2-1/2"]
[WhiteTitle "CM"]
[BlackTitle "IM"]
[WhiteElo "2227"]
[BlackElo "2405"]
[WhiteFideId "24642746"]
[BlackFideId "1632094"]
[EventDate "2022.12.12"]

1. d4 Nf6 2. c4 e6 3. Nf3 d5 4. g3 Bb4+ 5. Nbd2 dxc4 6. Bg2 O-O 7. O-O b5 8. a4
c6 9. Ne1 Nd5 10. Nc2 Be7 11. e4 Nf6 12. g4 e5 13. dxe5 Nxg4 14. Nf3 Qxd1 15.
Rxd1 Nd7 16. Ncd4 Ndxe5 17. axb5 cxb5 18. Nxb5 Nd3 19. Rxd3 cxd3 20. h3 Nf6 21.
e5 Nd5 22. Ne1 Rb8 23. Nxa7 Nb4 24. Bd2 Bb7 25. Bxb4 Bxb4 26. Nxd3 Bxg2 27. Kxg2
Rb6 28. Rc1 Ra8 29. Nc6 Bf8 30. b4 g6 31. Rc4 Kg7 32. Nd4 Ra3 33. Nc5 Ra2 34. b5
Bxc5 35. Rxc5 Ra4 36. Rd5 Kf8 37. h4 Ke7 38. Kg3 Rb7 39. Nc6+ Kf8 40. Rd8+ Kg7
41. Rd5 Re4 42. f3 Re1 43. Kf2 Rb1 44. Nd4 Rb2+ 45. Kg3 Re7 46. Nc6 Rb7 47. Nd4
h6 48. Rd6 Re7 49. Nc6 Re6 50. Rd5 Rxb5 51. Rxb5 Rxc6 1/2-1/2

[Event "9th Sunway Sitges 2022"]
[Site "Sitges ESP"]
[Date "2022.12.15"]
[Round "4.67"]
[White "Gasic Merino, Franco"]
[Black "Kanov, Nikola"]
[Result "0-1"]
[BlackTitle "FM"]
[WhiteElo "2195"]
[BlackElo "2377"]
[WhiteFideId "3414370"]
[BlackFideId "2928531"]
[EventDate "2022.12.12"]

1. d4 Nf6 2. g3 e6 3. c4 c5 4. d5 exd5 5. cxd5 d6 6. Nc3 g6 7. Bg2 Bg7 8. Nf3
O-O 9. O-O Nbd7 10. h3 Qe7 11. Bf4 Nh5 12. Bg5 f6 13. Bd2 f5 14. Ng5 Nb6 15. Ne6
Bxe6 16. dxe6 Qxe6 17. Bxb7 Rab8 18. Bf3 Nf6 19. Bf4 Rbd8 20. Qb3 d5 21. Rfd1
Rd7 22. a4 c4 23. Qb5 d4 24. Na2 Ne4 25. Nb4 g5 26. Bc1 Kh8 27. a5 Nc8 28. Nc2
Ncd6 29. Qa4 Nb7 30. Qa3 Re8 31. Bd2 d3 32. exd3 Rxd3 33. Bc3 Nxc3 34. Rxd3 cxd3
35. bxc3 dxc2 36. Bxb7 Qe7 37. Qa4 Rd8 38. Bf3 g4 39. hxg4 fxg4 40. Be4 Bxc3 41.
Rf1 Rd2 42. Bxc2 Bd4 43. Qc4 Qf8 44. Bd1 Bxf2+ 45. Kg2 Qa8+ 46. Kh2 Bg1+ 47.
Kxg1 Qg2# 0-1

[Event "9th Sunway Sitges 2022"]
[Site "Sitges ESP"]
[Date "2022.12.15"]
[Round "4.68"]
[White "Fitzsimons, David"]
[Black "Joel Paul Ganta"]
[Result "1/2-1/2"]
[WhiteTitle "IM"]
[WhiteElo "2352"]
[BlackElo "2183"]
[WhiteFideId "2501961"]
[BlackFideId "35066145"]
[EventDate "2022.12.12"]

1. e4 c5 2. Nf3 d6 3. d4 cxd4 4. Qxd4 Nc6 5. Qe3 Nf6 6. Be2 g6 7. O-O Bg7 8. Rd1
Ng4 9. Qb3 O-O 10. h3 Nge5 11. Nxe5 Bxe5 12. c3 Qc7 13. Na3 a6 14. Nc4 b5 15.
Nxe5 dxe5 16. Be3 Be6 17. Qa3 Qb7 18. Rd2 Rfc8 19. b4 Nb8 20. Rad1 Nd7 21. Qa5
Kg7 22. a4 Rab8 23. c4 Nf6 24. cxb5 axb5 25. f3 Bb3 26. Bxb5 Bxd1 27. Rxd1 Rc2
28. Qa7 Qc8 29. Qxe7 Qc3 30. Qa7 Rxb5 31. axb5 Qc4 32. Rf1 Qxb5 33. Qa5 Qe2 34.
Bf2 Nd7 35. b5 Rb2 36. b6 Qb5 37. Qc3 Nxb6 38. Bg3 Nd7 39. Rf2 Rxf2 40. Bxf2 1/2-1/2

[Event "9th Sunway Sitges 2022"]
[Site "Sitges ESP"]
[Date "2022.12.15"]
[Round "4.69"]
[White "Wong, Zhenyong Jayden"]
[Black "Akbas, Umut Ata"]
[Result "1/2-1/2"]
[WhiteTitle "CM"]
[BlackTitle "FM"]
[WhiteElo "2181"]
[BlackElo "2351"]
[WhiteFideId "5821975"]
[BlackFideId "44572646"]
[EventDate "2022.12.12"]

1. d4 d5 2. c4 c6 3. Nf3 Nf6 4. Nc3 e6 5. g3 Nbd7 6. Bg2 dxc4 7. O-O Be7 8. e4
O-O 9. Bf4 Re8 10. a4 a5 11. Qe2 Bb4 12. Qxc4 b6 13. Rfd1 Ba6 14. Qb3 Rc8 15.
Rac1 Bxc3 16. bxc3 Nxe4 17. Ne5 Nxe5 18. Bxe5 Nf6 19. Bxf6 gxf6 20. c4 Qc7 21.
Qb2 Rb8 22. d5 cxd5 23. Qxf6 Qe7 24. Qxe7 Rxe7 25. cxd5 exd5 26. Rxd5 Rbe8 27.
Bf1 Bb7 28. Rb5 Re1 29. Rbb1 Rxc1 30. Rxc1 Bf3 31. Rc3 Bd5 32. Rc1 Be6 33. f4
Bb3 34. Bb5 Re4 35. Rc6 Bxa4 36. Bxa4 Rxa4 37. Rxb6 Ra2 38. Ra6 a4 39. g4 Kf8
40. Ra7 a3 41. h4 Ke8 42. h5 h6 43. Ra8+ Ke7 44. g5 Rb2 45. gxh6 a2 46. h7 Rb8
47. Rxa2 Kf6 48. Rg2 Rh8 49. Kf2 Rxh7 50. Rg5 Rh8 51. Kg3 Ra8 1/2-1/2

[Event "9th Sunway Sitges 2022"]
[Site "Sitges ESP"]
[Date "2022.12.15"]
[Round "4.70"]
[White "Perkampus, Laurin"]
[Black "Krasteva, Beloslava"]
[Result "1-0"]
[BlackTitle "FM"]
[WhiteElo "2168"]
[BlackElo "2350"]
[WhiteFideId "16232283"]
[BlackFideId "2922029"]
[EventDate "2022.12.12"]

1. d4 Nf6 2. c4 e6 3. Nc3 Bb4 4. Qc2 c5 5. dxc5 O-O 6. a3 Bxc5 7. Nf3 b6 8. Bf4
Bb7 9. Rd1 Nc6 10. b4 Be7 11. e4 Rc8 12. Be2 Nh5 13. Be3 Qc7 14. Nb5 Qb8 15.
Rxd7 Nf6 16. Rd1 Ng4 17. Bc1 a5 18. bxa5 Nxa5 19. O-O f5 20. g3 Bxe4 21. Qa2 Bc5
22. Ng5 Qa8 23. Nxe6 Bg2 24. Qb2 Rf7 25. Ng5 Bh1 26. Rd5 Bxd5 27. cxd5 Rd7 28.
Bf3 Nc4 29. Qb1 g6 30. d6 Qa4 31. Bd5+ Kh8 32. Bb2+ Nce5 33. Qa1 Re8 34. Nf7+
Rxf7 35. Bxf7 Qa8 36. Bxe8 Qxe8 37. d7 Qxd7 38. Bxe5+ Kg8 39. h3 Nxe5 40. Qxe5
Qd2 41. a4 Qa2 42. Qe8+ Kg7 43. Qd7+ Kh6 44. Kg2 Qc2 45. Qe8 Qa2 46. Qc6 Qc2 47.
h4 Qa2 48. Qd7 Qc2 49. Qd1 Qe4+ 50. f3 Qb4 51. Re1 Bf8 52. Re2 Qc4 53. Rd2 Bc5
54. Rd7 Be3 55. Kh3 Qe6 56. g4 Qc4 57. g5+ Bxg5 58. hxg5+ Kxg5 59. Qd2+ 1-0

[Event "9th Sunway Sitges 2022"]
[Site "Sitges ESP"]
[Date "2022.12.15"]
[Round "4.71"]
[White "Meister, Peter"]
[Black "Sherman, Reem"]
[Result "0-1"]
[WhiteTitle "IM"]
[WhiteElo "2347"]
[BlackElo "2179"]
[WhiteFideId "4600207"]
[BlackFideId "2822288"]
[EventDate "2022.12.12"]

1. d4 Nf6 2. Nf3 g6 3. Nc3 Bg7 4. e4 d6 5. Be3 O-O 6. Qd2 Nbd7 7. Bh6 e5 8. Bxg7
Kxg7 9. O-O-O Qe7 10. h4 h5 11. Ng5 a6 12. f4 b5 13. Be2 Nb6 14. dxe5 dxe5 15.
fxe5 Qxe5 16. Nf3 Qc5 17. e5 Ng4 18. Ne4 Qe3 19. Neg5 Re8 20. Rhf1 Re7 21. Bd3
Bb7 22. Rde1 Qxd2+ 23. Kxd2 Rae8 24. b3 Bd5 25. Be4 Bxe4 26. Rxe4 Nd7 27. a4
Ndxe5 28. Nxe5 Nxe5 29. axb5 axb5 30. Kc3 f6 31. Nh3 Ng4 32. Rxe7+ Rxe7 33. Nf4
Ne3 34. Rf3 c6 35. Kd3 Ng4 36. Kd4 Re5 37. Rc3 f5 38. g3 Re4+ 39. Kc5 Ne5 40.
Nd3 Nxd3+ 41. Rxd3 Re6 42. c4 bxc4 43. bxc4 Kf6 44. Rd8 Re3 45. Rd6+ Kg7 46.
Kxc6 Rxg3 47. c5 Rc3 48. Rd7+ Kf6 49. Rd6+ Ke5 50. Rxg6 Kd4 51. Rd6+ Ke4 52.
Re6+ Kf3 53. Kd5 f4 54. Re5 Kg4 55. c6 f3 0-1

[Event "9th Sunway Sitges 2022"]
[Site "Sitges ESP"]
[Date "2022.12.15"]
[Round "4.72"]
[White "Van Dael, Siem"]
[Black "Priyanka, K"]
[Result "1-0"]
[WhiteTitle "FM"]
[BlackTitle "WIM"]
[WhiteElo "2345"]
[BlackElo "2146"]
[WhiteFideId "1049771"]
[BlackFideId "5082986"]
[EventDate "2022.12.12"]

1. h4 d5 2. b3 Nf6 3. Bb2 c5 4. e3 Nc6 5. Nf3 Bg4 6. Be2 e6 7. d3 Bd6 8. Nbd2 e5
9. e4 d4 10. a4 a6 11. Nc4 Bc7 12. h5 b5 13. Ncd2 Nxh5 14. Nxd4 Nxd4 15. Bxg4
Nf6 16. Bh3 g5 17. Bf5 h5 18. Nf3 Rg8 19. Nxd4 cxd4 20. c3 Bb6 21. Qc2 Kf8 22.
axb5 axb5 23. Rxa8 Qxa8 24. cxd4 exd4 25. O-O Kg7 26. Ra1 Qb7 27. Qd2 Kh6 28.
Qb4 Qc6 29. Rc1 Qe8 30. Qd6 Bd8 31. Bxd4 Be7 32. Qb6 Qd8 33. Rc6 Kg7 34. Qa7 Qa8
35. Qc7 Re8 36. Qxe7 Rxe7 37. Bxf6+ Kg8 38. Rc8+ Qxc8 39. Bxc8 Rc7 40. Bf5 Rc1+
41. Kh2 Rb1 42. d4 Rxb3 43. e5 1-0

[Event "9th Sunway Sitges 2022"]
[Site "Sitges ESP"]
[Date "2022.12.15"]
[Round "4.73"]
[White "Dalaud, Dorian"]
[Black "Jeet, Jain"]
[Result "1/2-1/2"]
[WhiteTitle "FM"]
[BlackTitle "FM"]
[WhiteElo "2342"]
[BlackElo "2141"]
[WhiteFideId "36093270"]
[BlackFideId "5073022"]
[EventDate "2022.12.12"]

1. e4 c5 2. Nc3 Nc6 3. Bb5 Nd4 4. Nf3 a6 5. Bd3 g6 6. Nxd4 cxd4 7. Ne2 Bg7 8. c3
dxc3 9. dxc3 d5 10. O-O e5 11. Qb3 dxe4 12. Bxe4 Qc7 13. Be3 Nf6 14. Bb6 Qe7 15.
Bd3 O-O 16. Rad1 Bd7 17. Rfe1 Rac8 18. Ba5 Be6 19. Qb4 Qxb4 20. Bxb4 Rfe8 21.
Bb1 Nd5 22. Ba3 f5 23. Bc2 Nb6 24. b3 Nd7 25. Bb1 b5 26. Bb4 Nb8 27. Nc1 e4 28.
Ne2 Nc6 29. Bc5 Ne7 30. Bxe7 Rxe7 31. Rd6 a5 32. Rb6 Bxc3 33. Nxc3 Rxc3 34. Rxb5
Rec7 35. Rb8+ Kf7 36. Rd8 Bd7 37. Rd1 Bb5 38. R8d2 Rc1 39. h4 Be2 40. Rxc1 Rxc1+
41. Kh2 Rxb1 42. Rxe2 Ke6 43. g3 Ke5 44. Kg2 Ra1 45. Rd2 h6 46. f4+ Ke6 47. Rc2
h5 48. Kf2 Kd5 49. Ke3 Rf1 50. Rd2+ Kc5 51. Rc2+ Kb5 52. Rc8 Rf3+ 53. Kd4 Rd3+
54. Ke5 Rxg3 55. Rb8+ Kc5 56. a4 e3 57. Rb5+ Kc6 58. Kd4 e2 59. Re5 Kd6 60. Rd5+
Ke6 61. Re5+ Kf6 62. Rxe2 Rxb3 63. Rc2 Rf3 64. Rc6+ Kf7 65. Ke5 Re3+ 66. Kd5 Ra3
67. Rc7+ Ke8 68. Ke6 Kd8 69. Rc4 Rg3 70. Rc5 Rg4 71. Ke5 Rxh4 72. Rxa5 Rg4 73.
Rc5 h4 74. a5 h3 75. Rc3 Rh4 76. Rc1 h2 77. Rh1 Kc7 78. Kf6 Rxf4 79. Kxg6 Rf2
80. Kg5 Kd6 81. Kh4 Ke5 82. Kg3 Ra2 83. Rxh2 Ra3+ 84. Kf2 Rxa5 85. Rh4 Ra2+ 86.
Ke3 Ra3+ 87. Kf2 f4 88. Rh8 1/2-1/2

[Event "9th Sunway Sitges 2022"]
[Site "Sitges ESP"]
[Date "2022.12.15"]
[Round "4.74"]
[White "Papadiamandis, Elliot"]
[Black "Noria Silvestre, Joaquin"]
[Result "1-0"]
[WhiteTitle "IM"]
[WhiteElo "2334"]
[BlackElo "2138"]
[WhiteFideId "36074160"]
[BlackFideId "2200619"]
[EventDate "2022.12.12"]

1. e4 e5 2. Nf3 Nc6 3. d4 exd4 4. Nxd4 Nf6 5. Nxc6 bxc6 6. e5 Qe7 7. Qe2 Nd5 8.
Nd2 g6 9. c4 Nb6 10. Ne4 Bg7 11. Bg5 Qb4+ 12. Kd1 O-O 13. Nf6+ Bxf6 14. Bxf6 d6
15. Qd2 Qxd2+ 16. Kxd2 Re8 17. exd6 Re6 18. Be7 cxd6 19. Bg5 d5 20. cxd5 cxd5
21. b3 a5 22. Bd3 Ba6 23. Rhe1 Bxd3 24. Kxd3 a4 25. Kd4 Nd7 26. b4 Nb6 27. Rac1
Kg7 28. Rxe6 fxe6 29. Rc7+ Kg8 30. Rc6 Rb8 31. Rxe6 Nd7 32. a3 1-0

[Event "9th Sunway Sitges 2022"]
[Site "Sitges ESP"]
[Date "2022.12.15"]
[Round "4.75"]
[White "Jain, Kashish Manoj"]
[Black "Saya, Ethan"]
[Result "1-0"]
[WhiteTitle "FM"]
[BlackTitle "FM"]
[WhiteElo "2334"]
[BlackElo "2138"]
[WhiteFideId "35081098"]
[BlackFideId "26095181"]
[EventDate "2022.12.12"]

1. e4 e6 2. d4 d5 3. Nc3 Nf6 4. e5 Nfd7 5. f4 c5 6. Nf3 Nc6 7. Be3 Be7 8. Qd2
O-O 9. Be2 b6 10. O-O f5 11. dxc5 Nxc5 12. Rfd1 Ba6 13. Bxa6 Nxa6 14. Nb5 Nc7
15. Nbd4 Nxd4 16. Nxd4 Qd7 17. c4 Rfd8 18. Rac1 Rac8 19. Qe2 Bc5 20. Nb3 Bxe3+
21. Qxe3 Rb8 22. c5 Na6 23. c6 Qe7 24. Nd4 Nc7 25. Kh1 Rdc8 26. Rg1 h5 27. Qe2
Qb4 28. Rgd1 g6 29. a3 Qa4 30. Qe1 Kf7 31. Qg3 Nb5 32. b3 Qxd4 33. Rxd4 Nxd4 34.
Qh4 Rxc6 35. Qf6+ Ke8 36. Qxg6+ Ke7 37. Qg7+ Kd8 38. Rxc6 Nxc6 39. Qf8+ Kc7 40.
Qd6+ Kb7 41. Qd7+ 1-0